Applied numerical methods with MATLAB for engineers and scientists (Record no. 20683)

MARC details
000 -LEADER
fixed length control field 00657 a2200217 4500
001 - CONTROL NUMBER
control field 140073
003 - CONTROL NUMBER IDENTIFIER
control field OSt
005 - DATE AND TIME OF LATEST TRANSACTION
control field 20260120174331.0
008 - FIXED-LENGTH DATA ELEMENTS--GENERAL INFORMATION
fixed length control field
020 ## - INTERNATIONAL STANDARD BOOK NUMBER
International Standard Book Number 9781259027437
082 ## - DEWEY DECIMAL CLASSIFICATION NUMBER
Classification number 518
Item number C36A
100 1# - MAIN ENTRY--PERSONAL NAME
Personal name Chapra, Steven C.
245 1# - TITLE STATEMENT
Title Applied numerical methods with MATLAB for engineers and scientists
Statement of responsibility, etc by Steven C. Chapra
250 ## - EDITION STATEMENT
Edition statement 3rd ed.
260 ## - PUBLICATION, DISTRIBUTION, ETC. (IMPRINT)
Place of publication, distribution, etc New Delhi
Name of publisher, distributor, etc McGraw Hill
Date of publication, distribution, etc 2013
300 ## - PHYSICAL DESCRIPTION
Extent 653p.
546 ## - LANGUAGE NOTE
Language note english
650 ## - SUBJECT ADDED ENTRY--TOPICAL TERM
Topical term or geographic name as entry element Mathematics
653 ## - INDEX TERM--UNCONTROLLED
Uncontrolled term Numerical analysis; Data processing; MATLAB; Engineering mathematics; Numerical analysis; Computer programs
942 ## - ADDED ENTRY ELEMENTS (KOHA)
Source of classification or shelving scheme Dewey Decimal Classification
Koha item type Books
Holdings
Withdrawn status Lost status Source of classification or shelving scheme Damaged status Not for loan Collection code Home library Current library Department Date acquired Source of acquisition Cost, normal purchase price Inventory number(Invoice/Date) Total Checkouts Full call number Barcode Date last seen Price effective from Koha item type
    Dewey Decimal Classification     Reserve Text Book Central University Of Rajasthan Central University Of Rajasthan Mathematics 12/03/2014 Pranay Books 640.00 177/27.09.13   518 C36A 15947 21/11/2024 02/09/2020 Books
    Dewey Decimal Classification     General Text Book Central University Of Rajasthan Central University Of Rajasthan Mathematics 12/03/2014 Pranay Books 640.00 177/27.09.13   518 C36A 15944 21/11/2024 02/09/2020 Books
    Dewey Decimal Classification     General Text Book Central University Of Rajasthan Central University Of Rajasthan Mathematics 12/03/2014 Pranay Books 640.00 177/27.09.13   518 C36A 15945 21/11/2024 02/09/2020 Books
    Dewey Decimal Classification     General Text Book Central University Of Rajasthan Central University Of Rajasthan Mathematics 12/03/2014 Pranay Books 640.00 177/27.09.13   518 C36A 15946 21/11/2024 02/09/2020 Books